The retail revival reimagining business for the new age of consumerism /

Bibliographic Details
Main Author: Stephens, Doug.
Corporate Author: ProQuest (Firm)
Format: Electronic eBook
Language:English
Published: Mississauga, Ont. : Wiley, 2013.
Subjects:
Online Access:Click to View
LEADER 01232nam a2200337 a 4500
001 EBC1124857
003 MiAaPQ
005 20200520144314.0
006 m o d |
007 cr cn|||||||||
008 130222s2013 onca s 001 0 eng d
020 |z 9781118489673 
020 |a 9781118489789 (electronic bk.) 
035 |a (MiAaPQ)EBC1124857 
035 |a (Au-PeEL)EBL1124857 
035 |a (CaPaEBR)ebr10660611 
035 |a (CaONFJC)MIL527795 
035 |a (OCoLC)828677265 
040 |a MiAaPQ  |c MiAaPQ  |d MiAaPQ 
050 4 |a HC79.C6  |b S74 2013 
100 1 |a Stephens, Doug. 
245 1 4 |a The retail revival  |h [electronic resource] :  |b reimagining business for the new age of consumerism /  |c Doug Stephens. 
260 |a Mississauga, Ont. :  |b Wiley,  |c 2013. 
300 |a xxii, 250 p. :  |b ill. 
500 |a Includes index. 
505 0 |a pt. 1. The end -- pt. 2. The beginning. 
533 |a Electronic reproduction. Ann Arbor, MI : ProQuest, 2015. Available via World Wide Web. Access may be limited to ProQuest affiliated libraries. 
650 0 |a Consumers. 
655 4 |a Electronic books. 
710 2 |a ProQuest (Firm) 
856 4 0 |u https://ebookcentral.proquest.com/lib/matrademy/detail.action?docID=1124857  |z Click to View